| 000 | 00884nam a2200277 4500 | ||
|---|---|---|---|
| 999 |
_c528318 _d528318 |
||
| 001 | 1721510 | ||
| 003 | NUST | ||
| 005 | 20190906044202.0 | ||
| 008 | 720526s1971 dcu b 000 0 eng | ||
| 010 | _a 72600849 | ||
| 038 | _aMSOHAIL | ||
| 040 |
_aDLC _cDLC _dDLC |
||
| 043 | _an-us--- | ||
| 050 | 0 | 0 |
_aTD893 _b.A48 |
| 082 | 0 | 0 |
_a338.47620230973 _bEPA |
| 100 |
_aUS Env Protection Agency _920037 |
||
| 110 | 1 |
_aUnited States. _bNational Bureau of Standards. _920038 |
|
| 245 | 1 | 4 | _aThe economic impact of noise. |
| 260 |
_aWashington, _bU.S. Office of Noise Abatement and Control, _c1971. |
||
| 300 |
_aviii, 104 p. _c29 cm. |
||
| 504 | _aBibliography: p. 100-104. | ||
| 650 | 0 |
_aNoise pollution _zUnited States. _920039 |
|
| 710 | 1 |
_aUnited States. _bOffice of Noise Abatement and Control. _920040 |
|
| 906 |
_a7 _bcbc _corignew _d3 _encip _f19 _gy-gencatlg |
||
| 942 |
_2ddc _cBK |
||